|
|
|
|
| LEADER |
00674cam a2200205 7i4500 |
| 001 |
0000049417 |
| 005 |
20190430090000.0 |
| 020 |
|
|
|a 0195826388
|
| 090 |
0 |
0 |
|a KD1554
|b .G85 1984
|
| 100 |
1 |
|
|a Guest, A. G
|
| 245 |
1 |
0 |
|a Anson's law of contract
|c by A. G. Guest.
|
| 250 |
|
|
|a 26th ed.
|
| 260 |
|
|
|a Singapore:
|b Oxford University Press,
|c 1984.
|
| 300 |
|
|
|a lvi, 641 p.;
|c 24 cm.
|
| 500 |
|
|
|a Gift: Zainol Ahmad Resource Center
|
| 500 |
|
|
|a Includes index
|
| 650 |
0 |
0 |
|a Agency (Law) --
|z Great Britain
|
| 650 |
0 |
0 |
|a Contracts --
|z Great Britain
|
| 999 |
|
|
|a 0000064250
|b BOK
|c OPEN SHELF
|e 1st Floor, Bestari Jaya
|
| 999 |
|
|
|a ZARC002765
|b BOK
|c OPEN SHELF
|e Zainol Ahmad Resource Center
|